00907naa a2200169 i 45000010005000000030009000050050017000140080039000310400021000701000112000912450109002035000021003125200323003337730053006569420013007099990015007228630KOSZ 00520180321104302.0150112s2001 pl f |000 0 pol cBPKdKOSZ 005/EG1 aGŁOWIŃSKI, Sebastian.bPolitechnika Koszalińska - Wydział Mechaniczny,cKatedra Mechaniki Precyzyjnej10aCharakterystyki aerodynamiczne statku powietrznego – lot poziomy i zakręt /cSebastian Głowiński. aDane z autopsji. aW niniejszej pracy opisano zastosowanie systemu ekspertowego do diagnostyki samolotów. Wyklucza ono prawdopodobieństwo pominięcia kolejnej czynności obsługi samolotu oraz pozwala na zasygnalizowanie możliwości wystąpienia awarii danego podzespołu na podstawie wcześniej występujących uszkodzeń.0 iW :tLogistyka. -g2011, nr 6, s. 1139-1147 [CD] cART2UKD c8630d8630